000 00469nam a2200181Ia 4500
005 20250326130020.0
008 250326s9999 xx 000 0 und d
037 _aTextbook
040 _aFMSL
_beng
_cFMSL
041 _aeng
_2eng
084 _aX N0
_qFMSL
100 _aLipsey R G
245 0 _aIntroducation to positive economic
_cLipsey R G
260 _aNY
_bNY, Widinfield
_c1970
300 _a740p
942 _cTB
_hX N0
999 _c1280575
_d1280575